Villains by Letter-D - Statistics

General Stats
  • This quiz has been taken 53 times
  • The average score is 8 of 16
Answer Stats
Picture Answer % Correct
Darth Maul
100%
Darth Vader
100%
Dr. Doom
80%
Davy Jones
77%
Dr. Evil
77%
Dr. Octopus
75%
Darkseid
52%
Deathstroke
52%
Deadshot
45%
Dr. No
45%
Dick Dastardly
34%
Dr. Zaius
23%
Dorian Tyrell
20%
Dr. Kananga
18%
Dominic Greene
16%
Dr. Caligari
16%
No matching quizzes found
Score Distribution
Percent of People with Each Score
Percentile by Number Answered
Your Score History
You have not taken this quiz